Fictional Communist Flags #1 - Statistics

General Stats
  • This quiz has been taken 226 times
    144 since last reset
  • The average score is 12 of 16
Answer Stats
Picture Answer % Correct
United States Of America
99%
Italy
98%
United Kingdom
98%
France
97%
Canada
94%
Saudi Arabia
92%
Syria
83%
Turkey
82%
LGBT+
77%
Israel
75%
McDonalds
75%
Austria-Hungary
71%
Mauritania
71%
Iran
63%
Democratic Republic of the Congo
59%
Micronesia
7%
No matching quizzes found
Score Distribution
Percent of People with Each Score
Percentile by Number Answered
Your Score History
You have not taken this quiz since the last reset